Responses for Show #9206 - Monday, November 18, 2024

Contestants

[<< previous game]

Jonelle Lonergan, a product manager from Boston, Massachusetts

Amy Fleenor, an attorney from Columbus, Ohio

Paul Clauson, a tax analyst from Madison Heights, Michigan (whose 1-day cash winnings total $15,201)

[next game >>]

Jeopardy! Round responses

JAMES ABRAM GARFIELD
A TURN OF LATIN PHRASE
BLACK
SIMOLEONS, MOOLAH, SCRATCH, MONEY
AT THE BRITISH MUSEUM
WICKED
(Cynthia: I'm Cynthia Erivo. Ariana: And I'm Ariana Grande. Give thanks to Wicked. Cynthia: One of the most beloved stage productions of our time is coming to movie theaters. Ariana: And we'll have some clues about the new film.)
    $200 30
the Department of Education

Jonelle
    $200 28
cum laude

Paul
    $200 27
a black belt

Amy
    $200 29
sterling

Jonelle
    $200 6
the Aztec

Jonelle
    $200 24
(Ken: Our thanks to Cynthia, Ariana, Jeff and Jon--Wicked is in theaters this Friday.)

you're green

Paul
    $400 26
Ohio

Paul
    $400 25
Lux et Lex

Triple Stumper
    $400 22
Jason

Amy
    $400 3
the euro

Paul
    $400 7
Hadrian

Amy
    $400 23
(Paul: I would've tried the Goldblum impression, but bad idea.)
[Laughter]

the Emerald City

Paul
    $600 12
shutdown

Triple Stumper
    $3,400 21
(Paul: Sounds like a good time.)

seize the wine

Paul
    $600 17
Black Sabbath

Paul
    $600 2
a rupee

Jonelle
    $600 9
Chessmen

Paul
    $600 14
(Jonelle: What is perfect?)

popular

PaulJonelle
    $800 10
Montana

Triple Stumper
    $800 18
(Ken: Correct, from our attorney.)

nolo contendere

Amy
    $800 15
a black widow

Paul
    $800 1
(Amy: What is Apollo?)
(Paul: What is... Athena?)

the Mercury dime

PaulAmy
Triple Stumper
    $800 8
the Rosetta Stone

Jonelle
    $800 5
(Paul: Uh, what is wonderful?)

immersive

PaulJonelle
    $1000 11
(Amy: Who is... uh, Hayes?)

Arthur

AmyJonelle
    $1000 19
Sic semper tyrannis

Paul
    $1000 16
the Kaaba

Triple Stumper
    $1000 4
escudo

Triple Stumper
    $1000 13
Olduvai Gorge

Triple Stumper
    $1000 20
L. Frank Baum

Paul

Scores at the first commercial break (after clue 15):

Paul Amy Jonelle
$800 -$1,400 $2,800

Scores at the end of the Jeopardy! Round:

Paul Amy Jonelle
$8,000 $0 $3,200

Double Jeopardy! Round responses

COUNTRIES OF THE WORLD
TOUGH 9-LETTER WORDS
HISTORICAL "T"
R&B & SOUL
LITERARY SETTINGS
HEALTHY BODY, HEALTHY MIND
    $400 22
Iceland

Jonelle
    $400 24
(Paul: What is... horrible?)
(Jonelle: What is horrific?)
(Ken: Also eight letters, no.)

abhorrent

PaulJonelle
Triple Stumper
    $400 25
Typhoid Mary

Paul
    $400 26
(Ken: Dangers of [*], yes.)

Usher

Paul
    $800 21
Belarus

Triple Stumper
    $800 5
cauterize

Paul
    $800 23
(Ken: Correct, with less than a minute.)

Trotsky

Paul
    $800 20
Mary J. Blige

Amy
    $800 14
Hogsmeade

Amy
    $800 19
Transcendental Meditation

Paul
    $1200 3
Peru

Jonelle
    $1200 4
convivial

Jonelle
    $1200 10
Tiberius

Jonelle
    $1200 9
Marvin Gaye

Paul
    $3,000 7
(Ken: From Game of Thrones, yes.)

Westeros

Paul
    $1200 17
pyramid

Jonelle
    $1600 1
Guinea-Bissau

Amy
    $1600 27
a fusillade

Triple Stumper
    $3,000 6
Fort Ticonderoga

Paul
    $1600 11
Frank Ocean

Amy
    $1600 13
Faulkner

Paul
    $1600 16
ruminating

Paul
    $2000 2
Jordan

Triple Stumper
    $2000 28
[The end-of-round signal sounds.]

kompromat

Triple Stumper
    $2000 8
Temüjin

Paul
    $2000 12
(Paul: What is Soulquestarians?)

Soulquarians

Paul
Triple Stumper
    $2000 15
Brighton Rock

Triple Stumper
    $2000 18
holistic

Amy

Scores at the end of the Double Jeopardy! Round:

Paul Amy Jonelle
$21,200 $6,800 $8,000
(lock game)

[wagering suggestions for these scores]

Final Jeopardy! Round responses

AMERICAN WOMEN
(Ken: [To Jonelle] I think it has a "Y" instead of an "I-E", but you got it right, Jonelle; she was about to bust up a saloon, Mr. Dobson's saloon.)
AmyWho is Stanton?
$1,201
JonelleWho is Carrie Nation?)
$7,999
PaulWho is Hayes?
$101
Carrie Nation

Final scores:

Paul Amy Jonelle
$21,099 $5,599 $15,999
2-day champion: $36,300 3rd place: $2,000 2nd place: $3,000

Game dynamics:

Coryat scores:

Paul Amy Jonelle
$15,200 $6,800 $8,000
23 R
(including 3 DDs),
4 W
9 R,
2 W
12 R,
2 W

Combined Coryat: $30,000

[game clues] [game scores] [suggest correction]

Game tape date: 2024-09-30
The J! Archive is created by fans, for fans. Scraping, republication, monetization, and malicious use prohibited; this site may use cookies and collect identifying information. See terms. The Jeopardy! game show and all elements thereof, including but not limited to copyright and trademark thereto, are the property of Jeopardy Productions, Inc. and are protected under law. This website is not affiliated with, sponsored by, or operated by Jeopardy Productions, Inc. Join the discussion at JBoard.tv.